[Event "GER-ch Seniors"]
[Site "Dresden"]
[Date "2012.08.16"]
[Round "8"]
[White "Schorch, Ruediger"]
[Black "Ott, Herbert"]
[Result "1/2-1/2"]
[WhiteElo "1762"]
[BlackElo "1693"]
[PlyCount "84"]
[EventDate "2012.08.09"]
[EventType "swiss"]
[EventRounds "9"]
[EventCountry "GER"]
[SourceTitle "EXT 2014"]
[Source "ChessBase"]
[SourceDate "2013.11.20"]
[SourceVersion "1"]
[SourceVersionDate "2013.11.20"]
[SourceQuality "1"]

1. d4 d5 2. e3 Nf6 3. Nd2 g6 4. Bd3 Bg7 5. c3 Bd7 6. f4 Bc6 7. Ngf3 b6 8. Ne5 Bb7 9. Qf3 Nbd7 10. 0-0 0-0 11. Re1 c5 12. e4 e6 13. Nxd7 Nxd7 14. e5 f5 15. Qg3 Qe8 16. Nf3 Rf7 17. Be3 cxd4 18. cxd4 Nf8 19. Rec1 Rc8 20. Rxc8 Bxc8 21. Qe1 Qd8 22. Rc1 Rc7 23. Rc3 Bb7 24. Qc1 Rxc3 25. Qxc3 Qc8 26. Qxc8 Bxc8 27. Kf2 Kf7 28. Bd2 h6 29. g3 Bd7 30. Bb4 Nh7 31. Bd6 Bf8 32. Ba6 Bxd6 33. exd6 Ke8 34. Ne5 g5 35. Bd3 g4 36. Bf1 Nf6 37. Bd3 Ne4+ 38. Kg2 Nxd6 39. h3 h5 40. hxg4 hxg4 41. b3 Bb5 42. Bc2 a5 1/2-1/2

[Event "GER-ch Seniors"]
[Site "Dresden"]
[Date "2012.08.14"]
[Round "6"]
[White "Keller, Gerhard"]
[Black "Ott, Herbert"]
[Result "1/2-1/2"]
[WhiteElo "1767"]
[BlackElo "1693"]
[PlyCount "51"]
[EventDate "2012.08.09"]
[EventType "swiss"]
[EventRounds "9"]
[EventCountry "GER"]
[SourceTitle "EXT 2014"]
[Source "ChessBase"]
[SourceDate "2013.11.20"]
[SourceVersion "1"]
[SourceVersionDate "2013.11.20"]
[SourceQuality "1"]

1. e4 c5 2. c3 d6 3. d4 cxd4 4. cxd4 e6 5. Nf3 Nf6 6. Nc3 a6 7. Bd3 Be7 8. 0-0 0-0 9. h3 Nc6 10. Be3 Bd7 11. a3 b5 12. b4 d5 13. e5 Ne8 14. Qb1 g6 15. Ne2 Ng7 16. Ng3 Qe8 17. Qb2 f5 18. Bf4 Qd8 19. Qd2 Rc8 20. Rac1 Nxd4 21. Nxd4 g5 22. Rxc8 Bxc8 23. Nge2 gxf4 24. Nxf4 Bg5 25. g3 Bd7 26. Kh2 1/2-1/2

[Event "GER-ch Seniors"]
[Site "Dresden"]
[Date "2012.08.09"]
[Round "1"]
[White "Ott, Herbert"]
[Black "Reichel, Rolf"]
[Result "0-1"]
[WhiteElo "1693"]
[BlackElo "1795"]
[PlyCount "40"]
[EventDate "2012.08.09"]
[EventType "swiss"]
[EventRounds "9"]
[EventCountry "GER"]
[SourceTitle "EXT 2014"]
[Source "ChessBase"]
[SourceDate "2013.11.20"]
[SourceVersion "1"]
[SourceVersionDate "2013.11.20"]
[SourceQuality "1"]

1. e4 c5 2. Nf3 Nc6 3. d4 cxd4 4. Nxd4 a6 5. Be3 d6 6. Nc3 e6 7. Be2 Nf6 8. Qd2 Be7 9. f3 e5 10. Nb3 0-0 11. 0-0-0 b5 12. Kb1 b4 13. Nd5 Ne8 14. Nxb4 Nxb4 15. Qxb4 Bd7 16. Qa5 Qc8 17. Bb6 Qc6 18. Bxa6 Nc7 19. Bxc7 Rxa6 20. Rxd6 Bxd6 0-1

[Event "Leipzig VfB op 18th"]
[Site "Leipzig"]
[Date "2011.03.24"]
[Round "4"]
[White "Waschischeck, Tom"]
[Black "Ott, Herbert"]
[Result "1/2-1/2"]
[WhiteElo "1446"]
[BlackElo "1681"]
[PlyCount "56"]
[EventDate "2011.03.20"]
[EventType "swiss"]
[EventRounds "9"]
[EventCountry "GER"]
[SourceTitle "CBM 141 Extra"]
[Source "ChessBase"]
[SourceDate "2011.05.03"]
[SourceVersion "1"]
[SourceVersionDate "2011.05.03"]
[SourceQuality "1"]

1. e4 c5 2. Nc3 d6 3. g3 Nf6 4. Bg2 Nc6 5. f4 e6 6. Nf3 Be7 7. d3 Qc7 8. 0-0 0-0 9. Kh1 a6 10. Be3 d5 11. Bg1 Bd7 12. h3 Rad8 13. Nd2 d4 14. Ne2 b5 15. Bh2 Ne8 16. g4 f5 17. exf5 exf5 18. g5 g6 19. Qe1 Bd6 20. h4 Ng7 21. Nf3 Nb4 22. Qd2 Nd5 23. Nfg1 Ne3 24. Rf2 Bc6 25. Bxc6 Qxc6+ 26. Nf3 Ng4 27. Rff1 Ne3 28. Rf2 Ng4 1/2-1/2

[Event "Leipzig VfB op 18th"]
[Site "Leipzig"]
[Date "2011.03.23"]
[Round "2"]
[White "Andreadakis, Lutz"]
[Black "Ott, Herbert"]
[Result "1-0"]
[WhiteElo "1969"]
[BlackElo "1681"]
[PlyCount "79"]
[EventDate "2011.03.20"]
[EventType "swiss"]
[EventRounds "9"]
[EventCountry "GER"]
[SourceTitle "CBM 141 Extra"]
[Source "ChessBase"]
[SourceDate "2011.05.03"]
[SourceVersion "1"]
[SourceVersionDate "2011.05.03"]
[SourceQuality "1"]

1. d4 d5 2. c4 c6 3. Nc3 e6 4. Nf3 Nf6 5. Bg5 Be7 6. e3 Nbd7 7. Bd3 dxc4 8. Bxc4 Nd5 9. Bxe7 Nxe7 10. 0-0 Ng6 11. Rc1 Nf6 12. Qc2 0-0 13. e4 b5 14. Bb3 a6 15. e5 Nd5 16. Ne4 Bd7 17. Nc5 Be8 18. g3 a5 19. Qe4 a4 20. Bc2 Nb4 21. Bb1 Qd5 22. a3 Qxe4 23. Bxe4 Nd5 24. Ng5 h6 25. Nf3 Nge7 26. Rc2 Nc8 27. Rfc1 Ncb6 28. Nd2 b4 29. Nc4 b3 30. Nxb6 Nxb6 31. Rc3 Ra7 32. Bg2 Re7 33. Ne4 Nd5 34. Rc4 Ra7 35. Nc5 Nb6 36. Rb4 Nd5 37. Rxa4 Rxa4 38. Nxa4 f6 39. Nc5 fxe5 40. dxe5 1-0

[Event "Leipzig VfB op 18th"]
[Site "Leipzig"]
[Date "2011.03.22"]
[Round "1"]
[White "Ott, Herbert"]
[Black "Pietzsch, Manuel"]
[Result "1/2-1/2"]
[WhiteElo "1681"]
[BlackElo "2081"]
[PlyCount "73"]
[EventDate "2011.03.20"]
[EventType "swiss"]
[EventRounds "9"]
[EventCountry "GER"]
[SourceTitle "CBM 141 Extra"]
[Source "ChessBase"]
[SourceDate "2011.05.03"]
[SourceVersion "1"]
[SourceVersionDate "2011.05.03"]
[SourceQuality "1"]

1. e4 d5 2. exd5 Qxd5 3. Nc3 Qd6 4. d4 Nf6 5. h3 a6 6. Be2 Nc6 7. Nf3 Bf5 8. a3 e6 9. Be3 Be7 10. Bd3 Bg6 11. Qe2 0-0 12. 0-0 Rfd8 13. Bxg6 hxg6 14. Rad1 b5 15. g3 Nd5 16. Ne4 Qd7 17. Ne5 Nxe5 18. dxe5 Qc6 19. c3 Nxe3 20. Qxe3 Rd5 21. Rxd5 Qxd5 22. Ng5 Rd8 23. Qf4 Bxg5 24. Qxg5 Rd7 25. Re1 Qd2 26. Qxd2 Rxd2 27. Rb1 Kf8 28. h4 Ke7 29. Kf1 Kd7 30. Ke1 Rd5 31. f4 Kc6 32. Ke2 Kc5 33. b3 a5 34. Rc1 a4 35. c4 Rd7 36. b4+ Kb6 37. cxb5 1/2-1/2

[Event "Leipzig VfB op 16th"]
[Site "Leipzig"]
[Date "2009.04.03"]
[Round "6"]
[White "Wolter, Uwe"]
[Black "Ott, Herbert"]
[Result "0-1"]
[WhiteElo "1389"]
[BlackElo "1683"]
[PlyCount "32"]
[EventDate "2009.03.31"]
[EventType "swiss"]
[EventRounds "9"]
[EventCountry "GER"]
[SourceTitle "EXT 2010"]
[Source "ChessBase"]
[SourceDate "2010.11.25"]
[SourceVersion "1"]
[SourceVersionDate "2010.11.25"]
[SourceQuality "1"]

1. c4 c6 2. Nc3 e6 3. Nf3 d5 4. cxd5 exd5 5. d4 Nf6 6. Bg5 Be7 7. e3 0-0 8. Bd3 h6 9. Bxf6 Bxf6 10. 0-0 Bg4 11. h3 Bh5 12. Re1 Bg6 13. Qc2 Bxd3 14. Qxd3 Nd7 15. e4 dxe4 16. Rxe4 Nc5 0-1

[Event "Leipzig VfB op 14th"]
[Site "Leipzig"]
[Date "2007.03.21"]
[Round "2"]
[White "Ott, Herbert"]
[Black "Herfurth, Thomas"]
[Result "1/2-1/2"]
[WhiteElo "1469"]
[BlackElo "1893"]
[PlyCount "63"]
[EventDate "2007.03.20"]
[EventType "swiss"]
[EventRounds "9"]
[EventCountry "GER"]
[SourceTitle "EXT 2008"]
[Source "ChessBase"]
[SourceDate "2007.11.25"]
[SourceVersion "1"]
[SourceVersionDate "2007.11.25"]
[SourceQuality "1"]

1. e4 c6 2. d4 d5 3. exd5 cxd5 4. Nf3 Nc6 5. c3 Bf5 6. Bd3 Bxd3 7. Qxd3 e6 8. Bf4 Bd6 9. Bg3 Nf6 10. Nbd2 0-0 11. Bxd6 Qxd6 12. 0-0 a6 13. Rfe1 b5 14. a3 Na5 15. Ne5 Rfc8 16. f3 Nd7 17. b4 Nxe5 18. Rxe5 Nc4 19. Nxc4 Rxc4 20. Re2 Qc6 21. Rc1 a5 22. Rb2 axb4 23. axb4 Ra3 24. Rbc2 g6 25. f4 Qd6 26. Qd2 Kg7 27. g3 Qc7 28. Qe1 Qc8 29. Kg2 Rb3 30. Qd2 Qa8 31. Qe1 Qc8 32. Qd2 1/2-1/2

[Event "Leipzig VfB op 12th"]
[Site "Leipzig"]
[Date "2005.03.03"]
[Round "5"]
[White "Ott, Herbert"]
[Black "Herfurth, Thomas"]
[Result "0-1"]
[WhiteElo "1426"]
[BlackElo "1898"]
[PlyCount "75"]
[EventDate "2005.01.03"]
[EventType "swiss"]
[EventRounds "9"]
[EventCountry "GER"]
[SourceTitle "EXT 2008"]
[Source "ChessBase"]
[SourceDate "2007.11.25"]
[SourceVersion "1"]
[SourceVersionDate "2007.11.25"]
[SourceQuality "1"]

1. e4 e6 2. d4 d5 3. exd5 exd5 4. Bd3 Bd6 5. Ne2 f5 6. Bf4 Nf6 7. f3 0-0 8. 0-0 Nc6 9. c3 Ne7 10. Qd2 c6 11. Be5 Qc7 12. f4 Ne4 13. Qc2 c5 14. Qc1 Bd7 15. Qe1 Qb6 16. b3 cxd4 17. cxd4 Bxe5 18. fxe5 Nc6 19. Nbc3 Nxc3 20. Qxc3 Nxe5 21. Kh1 Rac8 22. Qd2 Nxd3 23. Qxd3 Bb5 24. Qf3 Rce8 25. Rfe1 Qe6 26. Ng1 Qd7 27. h3 Re4 28. Rxe4 dxe4 29. Qe3 Rd8 30. Rd1 Rc8 31. Ne2 Rc2 32. Nc3 Bd3 33. Rc1 Rxc1+ 34. Qxc1 Qxd4 35. Nb5 Qd7 36. Nxa7 h6 37. Qc8+ Qxc8 38. Nxc8 0-1

[Event "Leipzig VfB op 12th"]
[Site "Leipzig"]
[Date "2005.03.02"]
[Round "3"]
[White "Ott, Herbert"]
[Black "Holz auf der Heide, Gerhard"]
[Result "0-1"]
[WhiteElo "1426"]
[BlackElo "1639"]
[PlyCount "66"]
[EventDate "2005.01.03"]
[EventType "swiss"]
[EventRounds "9"]
[EventCountry "GER"]
[SourceTitle "EXT 2008"]
[Source "ChessBase"]
[SourceDate "2007.11.25"]
[SourceVersion "1"]
[SourceVersionDate "2007.11.25"]
[SourceQuality "1"]

1. e4 c5 2. Nf3 d6 3. d4 cxd4 4. Nxd4 Nf6 5. Nc3 g6 6. Be3 Bg7 7. f3 0-0 8. Qd2 Nc6 9. 0-0-0 Nxd4 10. Bxd4 Be6 11. Kb1 Qc7 12. h4 Rfc8 13. h5 Qa5 14. a3 g5 15. h6 Bh8 16. e5 Nd5 17. Qxg5+ Kf8 18. Qd2 dxe5 19. Bxe5 Nxc3+ 20. Bxc3 Bxc3 21. bxc3 Qxa3 22. c4 f6 23. Qd3 Qb4+ 24. Qb3 Qc5 25. Kc1 Qg5+ 26. Rd2 Rd8 27. Bd3 Rac8 28. Qb4 a5 29. Qb5 Rc5 30. Qxb7 Bxc4 31. Re1 Re5 32. Rxe5 Qxe5 33. Re2 Qd6 0-1

[Event "Leipzig VfB op 12th"]
[Site "Leipzig"]
[Date "2005.03.01"]
[Round "1"]
[White "Ott, Herbert"]
[Black "Rosenkranz, Andree"]
[Result "0-1"]
[WhiteElo "1426"]
[BlackElo "2035"]
[PlyCount "65"]
[EventDate "2005.01.03"]
[EventType "swiss"]
[EventRounds "9"]
[EventCountry "GER"]
[SourceTitle "EXT 2008"]
[Source "ChessBase"]
[SourceDate "2007.11.25"]
[SourceVersion "1"]
[SourceVersionDate "2007.11.25"]
[SourceQuality "1"]

1. e4 d5 2. exd5 Qxd5 3. d4 e5 4. Ne2 Nc6 5. Be3 Bf5 6. a3 0-0-0 7. Nbc3 Qd7 8. dxe5 Qe6 9. Qc1 Qxe5 10. Bf4 Qe8 11. Nb5 Ne5 12. Nxa7+ Kb8 13. Qe3 Ng6 14. Qxe8 Rxe8 15. Be3 Rxe3 16. fxe3 Kxa7 17. 0-0-0 Bc5 18. Nd4 Bg4 19. Nb5+ Kb6 20. Re1 Nf6 21. b4 Be7 22. h3 Bf5 23. c4 c5 24. Rd1 cxb4 25. Nd6 Bxd6 26. Rxd6+ Kc5 27. Rd4 bxa3 28. Be2 Re8 29. g4 Rxe3 30. Rd2 Be4 31. Rf1 Rc3+ 32. Kd1 Rb3 33. Ra2 0-1

[Event "Leipzig VfB op 11th"]
[Site "Leipzig"]
[Date "2004.03.18"]
[Round "5"]
[White "Bergmann, Hans Dieter"]
[Black "Ott, Herbert"]
[Result "1-0"]
[WhiteElo "1595"]
[BlackElo "1471"]
[PlyCount "57"]
[EventDate "2004.03.16"]
[EventType "swiss"]
[EventRounds "9"]
[EventCountry "GER"]
[SourceTitle "EXT 2007"]
[Source "ChessBase"]
[SourceDate "2006.11.23"]
[SourceVersion "1"]
[SourceVersionDate "2006.11.23"]
[SourceQuality "1"]

1. e4 c5 2. Nf3 d6 3. d4 cxd4 4. Nxd4 Nf6 5. Nc3 a6 6. Be3 e5 7. Nb3 Be6 8. f3 Be7 9. g4 Nbd7 10. Be2 Nc5 11. h4 Nxb3 12. axb3 b5 13. h5 Nd7 14. Bf2 f6 15. Nd5 Kf7 16. f4 Nc5 17. Bf3 Kf8 18. fxe5 fxe5 19. Rh3 Bg5 20. b4 Na4 21. Qb1 Bxd5 22. exd5 Qc7 23. Be4 Ke7 24. c3 Nb6 25. Bxh7 Bf6 26. Qg6 Nxd5 27. g5 Nf4 28. gxf6+ gxf6 29. Qg7+ 1-0

[Event "Leipzig VfB op 11th"]
[Site "Leipzig"]
[Date "2004.03.16"]
[Round "1"]
[White "Ott, Herbert"]
[Black "Foermes, Alexander"]
[Result "0-1"]
[WhiteElo "1471"]
[BlackElo "1991"]
[PlyCount "54"]
[EventDate "2004.03.16"]
[EventType "swiss"]
[EventRounds "9"]
[EventCountry "GER"]
[SourceTitle "EXT 2007"]
[Source "ChessBase"]
[SourceDate "2006.11.23"]
[SourceVersion "1"]
[SourceVersionDate "2006.11.23"]
[SourceQuality "1"]

1. e4 c5 2. Nf3 Nc6 3. d4 cxd4 4. Nxd4 Nf6 5. f3 e6 6. Nxc6 bxc6 7. Be3 Be7 8. Bc4 0-0 9. Nc3 d5 10. exd5 exd5 11. Bb3 Re8 12. 0-0 Bd6 13. Bf2 Qc7 14. g3 h5 15. Re1 Be6 16. Ne2 h4 17. Qd4 hxg3 18. Bxg3 c5 19. Bxd6 Qxd6 20. Qd2 Qc6 21. Qa5 d4 22. Kf2 Bxb3 23. axb3 Re3 24. Ng1 Qd6 25. Kf1 Nd5 26. Qd2 Rae8 27. Qf2 Rxe1+ 0-1

[Event "Bergheim op"]
[Site "Bergheim"]
[Date "2003.09.12"]
[Round "3"]
[White "Ott, Herbert"]
[Black "Guelden, Ralf"]
[Result "1/2-1/2"]
[WhiteElo "1448"]
[BlackElo "1586"]
[PlyCount "72"]
[EventDate "2003.09.11"]
[EventType "swiss"]
[EventRounds "7"]
[EventCountry "GER"]
[SourceTitle "EXT 2006"]
[Source "ChessBase"]
[SourceDate "2005.11.24"]
[SourceVersion "1"]
[SourceVersionDate "2005.11.24"]
[SourceQuality "1"]

1. e4 e6 2. d4 c5 3. Nf3 cxd4 4. Nxd4 Nc6 5. Be3 Nf6 6. Nxc6 bxc6 7. Bd3 e5 8. Nd2 d5 9. f3 Be7 10. 0-0 0-0 11. c3 Be6 12. Kh1 Nd7 13. Qc2 Nf6 14. Nb3 h6 15. Bc5 Bxc5 16. Nxc5 Qe7 17. b4 Nd7 18. Nxd7 Qxd7 19. Rad1 f5 20. exf5 Bxf5 21. Bxf5 Qxf5 22. Qe2 Rae8 23. Kg1 Qe6 24. Rfe1 Rf7 25. Qa6 Rfe7 26. b5 cxb5 27. Qxe6+ Rxe6 28. Rxd5 a6 29. Red1 e4 30. fxe4 Rxe4 31. Rd8 Rxd8 32. Rxd8+ Kf7 33. Kf2 Ra4 34. Rd2 Rc4 35. Rd3 b4 36. cxb4 Rxb4 1/2-1/2